Capitales sans les lettres de "Dili" - Statistiques

Statistiques générales
  • Ce quiz a été pris 9 fois
    3 depuis la dernière actualisation
  • Le résultat moyen est 27 sur 61
Statistiques - réponses
Capitales Capitales % Correct
Amérique du Sud Georgetown
100%
Europe Moscou
100%
Asie Tokyo
100%
Asie Ankara
67%
Europe Athènes
67%
Afrique Bamako
67%
Asie Bangkok
67%
Europe Berne
67%
Asie Beyrouth
67%
Amérique du Sud Bogota
67%
Océanie Canberra
67%
Afrique Conakry
67%
Asie Erevan
67%
Afrique Freetown
67%
Asie Jakarta
67%
Amérique du Nord Ottawa
67%
Amérique du Nord Panama
67%
Europe Prague
67%
Afrique Rabat
67%
Europe Rome
67%
Asie Sanaa
67%
Amérique du Nord San José
67%
Europe Sarajevo
67%
Europe Zagreb
67%
Asie Achgabat
33%
Asie Amman
33%
Afrique Asmara
33%
Asie Astana
33%
Asie Bakou
33%
Amérique du Nord Basseterre
33%
Amérique du Sud Caracas
33%
Afrique Gaborone
33%
Afrique Harare
33%
Afrique Khartoum
33%
Océanie Majuro
33%
Amérique du Nord Managua
33%
Afrique Maputo
33%
Asie Mascate
33%
Afrique Maseru
33%
Afrique Mbabane
33%
Europe Monaco
33%
Amérique du Nord Nassau
33%
Afrique Nouakchott
33%
Asie Phnom Penh
33%
Océanie Port Moresby
33%
Asie Pyongyang
33%
Amérique du Nord Roseau
33%
Afrique São Tomé
33%
Europe Skopje
33%
Amérique du Sud Sucre
33%
Océanie Suva
33%
Asie Tachkent
33%
Asie Téhéran
33%
Océanie Yaren
33%
Afrique Abuja
0%
Afrique Accra
0%
Europe Budapest
0%
Europe Copenague
0%
Asie Manama
0%
Afrique Porto-Novo
0%
Afrique Yamoussoukro
0%
Aucun quiz correspondant
Distribution des résultats
% des personnes avec chaque résultat
Percentile par nombre de réponses
Votre historique - résultats
Vous n’avez pas pris ce quiz depuis la dernière actualisation